Greek Gods by Animal Quiz Stats

 Plays Quiz not verified by Sporcle

Support Sporcle.
Go Orange.
Score 0/12 Timer 05:00
0 Plays Today
Animal Symbol God % Correct
OwlAthena
88.4%
Eagle/WolfZeus
85.6%
Peacock/Cow/LionHera
85.2%
Dolphin/Horse/BullPoseidon
80.6%
Deer, BearArtemis
78.7%
Dove, SparrowAphrodite
78.2%
VultureAres
65.3%
Swan, Raven, Mouse, WolfApollo
58.8%
Tortoise, SheepHermes
55.1%
Tiger, Leopard, LynxDionysus
51.4%
Donkey, CraneHephaestus
48.6%
SwineDemeter
45.8%

You're not logged in!

Compare scores with friends on all Sporcle quizzes.
OR
Log In

From the Vault

Two by Four

by BanjoZebra

Contrary to all the obvious signals, this quiz has nothing to do with wood.
Remove Ads.
Support Sporcle.
Get the best of Sporcle when you Go Orange. This ad-free experience offers more features, more stats, and more fun while also helping to support Sporcle. Thank you for becoming a member.

Show Comments

Extras

Top Quizzes Today


Score Distribution

Your Account Isn't Verified!

In order to create a playlist on Sporcle, you need to verify the email address you used during registration. Go to your Sporcle Settings to finish the process.

Report this User

Report this user for behavior that violates our Community Guidelines.

Details: